| 000 -LEADER |
| fixed length control field |
00781cam a22001457a 4500 |
| 008 - FIXED-LENGTH DATA ELEMENTS--GENERAL INFORMATION |
| fixed length control field |
180718b-- xxu||||| |||| 00| 0 eng d |
| 082 ## - DEWEY DECIMAL CLASSIFICATION NUMBER |
| Classification number |
K12055x54 In2/IAS/2020 |
| 245 ## - TITLE STATEMENT |
| Title |
Civil list, Indian Administrative Service |
| Statement of responsibility, etc |
by Department of Personnel and Training, Ministry of Personnel, Public Grievances and Pensions |
| 260 ## - PUBLICATION, DISTRIBUTION, ETC. (IMPRINT) |
| Place of publication, distribution, etc |
New Delhi |
| Name of publisher, distributor, etc |
Department of Personnel and Training, Ministry of Personnel, Public Grievances and Pensions |
| Date of publication, distribution, etc |
2020 |
| 300 ## - PHYSICAL DESCRIPTION |
| Extent |
642p. |
| 500 ## - GENERAL NOTE |
| General note |
Library has 1950, 1952, 1954, 1956-1959, 1961-1962, 1964-1983, 1985-1986, 1988-2006, 2008-2012, 2013-2016, 2017,2020 |
| 650 ## - SUBJECT ADDED ENTRY--TOPICAL TERM |
| Topical term or geographic name as entry element |
Civil service - Directories - India |
| 9 (RLIN) |
19482 |
| 700 ## - ADDED ENTRY--PERSONAL NAME |
| Personal name |
India. Ministry of Personnel, Public Grievances and Pensions. Department of Personnel and Training |
| 9 (RLIN) |
19483 |
| 942 ## - ADDED ENTRY ELEMENTS (KOHA) |
| Source of classification or shelving scheme |
|